000
00190 a2200097 4500
001
7574
100
_a
Hardie, N
245
_a
In highest Nepal
260
_a
_b
Allen
_c
090
_c
6062
_d
6062
942
_a
NUST-CAE
_c
M
_c
32559
999
_c
242647
_d
242647